000 00710nam a22002777a 4500
001 BR7400771
003 BR-BrBNA
005 20230928084527.0
007 ta
008 230509b bl.||||| |||| 00| 0 por d
040 _aBR-BrBNA
_bpor
_cBiblioteca Nacional de Agricultura
041 _a(Por)
072 _aF01; F04; F06
_b0150
_b/G514
090 _ 0150 BR7400771
100 1 _aAnon.
245 1 _aA cultura do arroz no Rio Grande do Sul
260 3 _aPorto Alegre, RS (Brasil):
_c1935.
300 _a152 p.
650 _aARROZ
650 _aADUBACAO
650 _aIRRIGACAO
650 _aPRATICA CULTURAL
650 _aRIO GRANDE DO SUL
909 _a202309
_bLucia
_c55
_dLucia Elande
942 _cBK
999 _c19542
_d19542